| 000 | 00936cam a2200217 4500 | ||
|---|---|---|---|
| 001 | ABS61206 | ||
| 008 | 000000n 000 0 eng u | ||
| 035 | _a(Sirsi) u101803 | ||
| 245 | _aSpecial report '99: retail. | ||
| 490 |
_aEstates Gazette _v(9935) 4 September 1999, 91-109(8) |
||
| 520 | _aFocus on the retail property market, looking at: issues for the factory outlet market as it matures; internet retailing or e-tailing which may not threaten the high street shop because people still wish to physically select goods; and adding 'the leisure experience' to shopping. Map of factory outlets. | ||
| 650 | _aPROPERTY-COMMERCIAL PROPERTY-RETAIL PROPERTY-RETAIL PROPERTY MARKET | ||
| 650 | _aFACTORY OUTLETS | ||
| 650 | _aDISCOUNT SHOPS | ||
| 650 | _aLEISURE | ||
| 650 | _aELECTRONIC COMMERCE | ||
| 650 | _aINTERNET SHOPPING | ||
| 650 | _aE-COMMERCE | ||
| 690 | _aPROPERTY-COMMERCIAL PROPERTY-RETAIL PROPERTY | ||
| 942 | _n0 | ||
| 999 |
_c60916 _d60916 |
||